Palmares FA CUP vainqueurs et finalistes - Statistiques

Statistiques générales
  • Ce quiz a été pris 66 fois
  • Le résultat moyen est 97 sur 142
Statistiques - réponses
Année Vainqueurs Score % Correct
2020 Arsenal 2-1
98%
2017 Arsenal 2-1
98%
2015 Arsenal 4-0
98%
2014 Arsenal 3-2 ap
98%
2005 Arsenal 0-0(5-4 tab)
98%
2003 Arsenal 1-0
98%
2002 Arsenal 2-0
98%
1998 Arsenal 2-0
98%
1993 Arsenal 1-1, 2-1
98%
1979 Arsenal 3-2
98%
1971 Arsenal 2-1
98%
1950 Arsenal 2-0
98%
1936 Arsenal 1-0
98%
1930 Arsenal 2-0
98%
2018 Chelsea 1-0
97%
2012 Chelsea 2-1
97%
2010 Chelsea 1-0
97%
2009 Chelsea 2-1
97%
2007 Chelsea 1-0 ap
97%
2000 Chelsea 1-0
97%
1997 Chelsea 2-0
97%
1970 Chelsea 2-2, 2-1
97%
2022 Liverpool 0-0 (6-5 tab)
97%
2006 Liverpool 3-3(3-1 tab)
97%
2001 Liverpool 2-1
97%
1992 Liverpool 2-0
97%
1989 Liverpool 3-2 ap
97%
1986 Liverpool 3-1
97%
1974 Liverpool 3-0
97%
1965 Liverpool 2-1 ap
97%
2023 Manchester City 2-1
97%
2019 Manchester City 6-0
97%
2011 Manchester City 1-0
97%
1969 Manchester City 1-0
97%
1956 Manchester City 3-1
97%
1934 Manchester City 2-1
97%
1904 Manchester City 1-0
97%
2016 Manchester United 2-1 ap
93%
2004 Manchester United 3-0
93%
1999 Manchester United 2-0
93%
1996 Manchester United 1-0
93%
1994 Manchester United 4-0
93%
1990 Manchester United 3-3, 1-0
93%
1985 Manchester United 1-0 ap
93%
1983 Manchester United 2-2, 4-0
93%
1977 Manchester United 2-1
93%
1963 Manchester United 3-1
93%
1948 Manchester United 4-2
93%
1909 Manchester United 1-0
93%
1991 Tottenham 2-1 ap
93%
1982 Tottenham 1-1, 1-0
93%
1981 Tottenham 1-1, 3-2
93%
1967 Tottenham 2-1
93%
1962 Tottenham 3-1
93%
1961 Tottenham 2-0
93%
1921 Tottenham 1-0
93%
1901 Tottenham 2-2, 3-1
93%
2021 Leicester 1-0
90%
1957 Aston Villa 2-1
87%
1920 Aston Villa 1-0 ap
87%
1913 Aston Villa 1-0
87%
1905 Aston Villa 2-0
87%
1897 Aston Villa 3-2
87%
1895 Aston Villa 1-0
87%
1887 Aston Villa 2-0
87%
1995 Everton 1-0
82%
1984 Everton 2-0
82%
1966 Everton 3-2
82%
1933 Everton 3-0
82%
1906 Everton 1-0
82%
1955 Newcastle 3-1
82%
1952 Newcastle 1-0
82%
1951 Newcastle 2-0
82%
1932 Newcastle 2-1
82%
1924 Newcastle 2-0
82%
1910 Newcastle 1-1, 2-0
82%
1980 West Ham 1-0
79%
1975 West Ham 2-0
79%
1964 West Ham 3-2
79%
1959 Nottingham forest 2-1
64%
1898 Nottingham forest 3-1
64%
1973 Sunderland 1-0
64%
1937 Sunderland 3-1
64%
1972 Leeds 1-0
62%
1976 Southampton 1-0
61%
1928 Blackburn 3-1
59%
1891 Blackburn 3-1
59%
1890 Blackburn 6-1
59%
1886 Blackburn 0-0, 2-0
59%
1885 Blackburn 2-0
59%
1884 Blackburn 2-1
59%
1925 Sheffield United 1-0
59%
1915 Sheffield United 3-0
59%
1902 Sheffield United 1-1, 2-1
59%
1899 Sheffield United 4-1
59%
1960 Wolverhampton 3-0
57%
1949 Wolverhampton 3-1
57%
1908 Wolverhampton 3-1
57%
1893 Wolverhampton 1-0
57%
1914 Burnley 1-0
54%
1927 Cardiff 1-0
52%
1935 Sheffield Wednesday 4-2
52%
1907 Sheffield Wednesday 2-1
52%
1896 Sheffield Wednesday 2-1
52%
1958 Bolton 2-0
51%
1929 Bolton 2-0
51%
1926 Bolton 1-0
51%
1923 Bolton 2-0
51%
2008 Portsmouth 1-0
46%
1939 Portsmouth 4-1
46%
1978 Ipswich 1-0
44%
1968 West Brom 1-0
39%
1954 West Brom 3-2
39%
1931 West Brom 2-1
39%
1892 West Brom 3-0
39%
1888 West Brom 2-1
39%
2013 Wigan 1-0
39%
1938 Preston 1-0 ap
38%
1889 Preston 3-0
38%
1874 Oxford 2-0
34%
1988 Wimbledon 1-0
34%
1953 Blackpool 4-3
31%
1946 Derby County 4-1 ap
31%
1922 Huddersfield 1-0
31%
1987 Coventry 3-2 ap
30%
1911 Bradford 0-0, 1-0
26%
1947 Charlton 1-0 ap
26%
1912 Barnsley 0-0, 1-0 ap
23%
1894 Notts 4-1
13%
1903 Bury 6-0
8%
1900 Bury 4-0
8%
1875 Royal Engineers 1-1, 2-0
7%
1883 Blackburn Olympic 2-1 ap
5%
1880 Clapham Rovers 1-0
5%
1881 Old Carthusians 3-0
5%
1878 Wanderers FC 3-1
2%
1877 Wanderers FC 2-1 ap
2%
1876 Wanderers FC 1-1, 3-0
2%
1873 Wanderers FC 2-0
2%
1872 Wanderers FC 1-0
2%
1882 Old Estonians 1-0
0%
1879 Old Estonians 1-0
0%
Aucun quiz correspondant
Distribution des résultats
% des personnes avec chaque résultat
Percentile par nombre de réponses
Votre historique - résultats
Vous n’avez pas pris ce quiz